000 00777nam a2200301Ia 4500
001 2654
005 20240113233549.0
007 ta
008 050228s1954 g b000 u hin u
040 _aCotton College Assam
041 _ahin
082 _a891.4309
_bCh 33 Bh
100 _aChatterji, Suniti Kumar .
245 0 _aBharatiya Aryabhasha aur Hindi /
_cSuniti Kumar Chatterji.
_hTextual Documents
250 _a1st ed. /
260 _aDelhi :
_bRajkamal prakashan ,
_c1954.
300 _a322p. ;
_c26cm.
653 _aHindi literature-Criticism
653 _aGen-Hindi
653 _aMS-Hindi
653 _aG-Hindi
942 _2ddc
_cBK
999 _c2647
_d2647